Statistiques concernant les équipes de Éric Cantona

Cliquez ici pour prendre le quiz!

Statistiques générales

  • Ce quiz a été pris 106 fois
  • Le résultat moyen est 8 sur 11

Statistiques - réponses

annéeséquipes% Correct
1993-1997Manchester United
98%
1990-1991Olympique de Marseille
97%
1988-1988Olympique de Marseille
97%
1989-1989Girondins de Bordeaux
83%
1987-1995France
74%
1992-1992Leeds United
74%
1983-1985AJ Auxerre
71%
1986-1988AJ Auxerre
71%
1989-1990Montpellier HSC
67%
1991-1991Nîmes Olympique
53%
1985-1986FC Martigues
23%

Distribution des résultats

Percentile par nombre de réponses

% des personnes avec chaque résultat

Votre développement - résultats

Vous n’avez pas pris ce quiz